Rubber seed oil analysis and its possible use (Record no. 45966)

MARC details
000 -LEADER
fixed length control field 00351nam a2200133Ia 4500
100 ## - MAIN ENTRY--AUTHOR NAME
Personal name Hardjosuwito Baryono
245 #0 - TITLE STATEMENT
Title Rubber seed oil analysis and its possible use
260 ## - PUBLICATION, DISTRIBUTION, ETC. (IMPRINT)
Name of publisher Menara Perkebunan
Year of publication 1976
300 ## - PHYSICAL DESCRIPTION
Number of Pages 225-229
650 ## - SUBJECT ADDED ENTRY--TOPICAL TERM
Topical Term Rubber seed oil
700 ## - ADDED ENTRY--PERSONAL NAME
Personal name Hoesnan Aman
942 ## - ADDED ENTRY ELEMENTS (KOHA)
Koha item type Reprints
Holdings
Withdrawn status Lost status Damaged status Not for loan Home library Current library Date acquired Serial Enumeration / chronology Koha item type
      Reprints RRII Library RRII Library 22/12/2021 Volume 44, Issue Reprints